Baltimore Orioles Top 50 Career HR Leaders - Statistics

General Stats
  • This quiz has been taken 37 times
  • The average score is 22 of 50
Answer Stats
Hint Answer HR Total % Correct
1. Cal Ripken Jr. 431
96%
2. Eddie Murray 343
92%
5. Adam Jones 263
88%
3. Boog Powell 303
85%
4. Brooks Robinson 268
85%
6. Chris Davis 253
85%
11. Frank Robinson 179
85%
13. Manny Machado 162
81%
8. Brady Anderson 209
65%
18. Nick Markakis 141
65%
7. Rafael Palmeiro 223
62%
15. Anthony Santander 155
58%
42-Tied. Cedric Mullins 86
58%
10. Ken Singleton 182
58%
25-Tied. Matt Wieters 117
58%
38. Ryan Mountcastle 91
58%
19. Paul Blair 126
54%
16. Chris Hoiles 151
50%
29-Tied. J.J. Hardy 107
50%
21. Lee May 123
50%
40-Tied. Mark Trumbo 87
50%
32-Tied. Jonathan Schoop 106
46%
27. Miguel Tejada 109
46%
24. B.J. Surhoff 120
42%
37. Brian Roberts 92
42%
9. Ken Williams 185
42%
25-Tied. Trey Mancini 117
42%
14. Melvin Mora 158
38%
50. Rick Dempsey 75
38%
29-Tied. Doug DeCinces 107
35%
44-Tied. Luke Scott 84
35%
35. Mike Devereaux 94
35%
36. George Sisler 93
31%
29-Tied. Harold Baines 107
31%
22-Tied. Jay Gibbons 121
31%
20. Jim Gentile 124
31%
32-Tied. Gary Roenicke 106
19%
12. Harlond Clift 170
19%
44-Tied. Larry Sheets 84
19%
22-Tied. Vern Stephens 121
19%
17. Gus Triandos 142
15%
42-Tied. Jackie Brandt 86
15%
48. Jeff Conine 79
15%
46-Tied. Curt Blefary 82
12%
40-Tied. Fred Lynn 87
12%
34. Chet Laabs 101
8%
28. George McQuinn 108
8%
49. Baby Doll Jacobson 76
4%
46-Tied. Bob Nieman 82
0%
39. Wally Judnich 88
0%
No matching quizzes found
Score Distribution
Percent of People with Each Score
Percentile by Number Answered
Your Score History
You have not taken this quiz